000 00649nam a2200205Ia 4500
005 20250508154536.0
008 008 250505s9999 xx 000 0 eng d
037 _aTextual
040 _aFEDL
_beng
_cFEDL
041 _aeng
_2eng
084 _a370.10954, GOS
_qFEDL
100 _aGoss Albert E.
_984910
245 0 _aPaired-associates learning : The role of meaningfulness, similarity, and familiarization
260 _aNew York, USA
_bAcademic Press
_c1965
300 _aix,358p.
650 _aEducation - Philosophy
700 _a Nodine Calvin F.
_9765600
942 _cTEXL
_h370.10954, GOS
999 _c1350821
_d1350821